De justicia de jueces a justicia de leyes : (Record n. 30813)

Dettagli MARC
000 -LEADER
fixed length control field 01040nam a2200265 i 4500
003 - CONTROL NUMBER IDENTIFIER
control field IT-RoINE
005 - DATE AND TIME OF LATEST TRANSACTION
control field 20200417061100.0
008 - FIXED-LENGTH DATA ELEMENTS--GENERAL INFORMATION
fixed length control field 070806s2007 sp |r o001|||spa|d
020 ## - INTERNATIONAL STANDARD BOOK NUMBER
International Standard Book Number 9788496518988
040 ## - CATALOGING SOURCE
Original cataloging agency SpMaBN
Transcribing agency SpMaBN IT-RoINE
Modifying agency IT-RoINE
245 00 - TITLE STATEMENT
Title De justicia de jueces a justicia de leyes :
Remainder of title hacia la España de 1870 /
Statement of responsibility, etc coordinadora, Marta Lorente Sariñena.
260 ## - PUBLICATION, DISTRIBUTION, ETC. (IMPRINT)
Place of publication, distribution, etc Madrid :
Name of publisher, distributor, etc Consejo General del Poder Judicial, Centro de Documentación Judicial,
Date of publication, distribution, etc [2007]
300 ## - PHYSICAL DESCRIPTION
Extent 460 p. ;
Dimensions 22 cm.
336 ## - CONTENT TYPE
Source rdacontent
Content type term text
337 ## - MEDIA TYPE
Source rdamedia
Media type term unmediated
338 ## - CARRIER TYPE
Source rdacarrier
Carrier type term volume
490 1# - SERIES STATEMENT
Series statement Cuadernos de derecho judicial ;
International Standard Serial Number 1134-9670
Volume number/sequential designation 6-2006
500 ## - GENERAL NOTE
General note Incluye índice.
504 ## - BIBLIOGRAPHY, ETC. NOTE
Bibliography, etc Bibliografía: p. 429-450.
651 #4 - SUBJECT ADDED ENTRY--GEOGRAPHIC NAME
Geographic name España
General subdivision Historia constitucional
Chronological subdivision Siglo 19o.
9 (RLIN) 6953
650 #4 - SUBJECT ADDED ENTRY--TOPICAL TERM
9 (RLIN) 60473
Topical term or geographic name as entry element Justicia
General subdivision Administración
Geographic subdivision España
General subdivision Historia
Chronological subdivision Siglo 19o.
700 1# - ADDED ENTRY--PERSONAL NAME
Personal name Lorente Sariñena, Marta
9 (RLIN) 18221
830 #0 - SERIES ADDED ENTRY--UNIFORM TITLE
Uniform title Cuadernos de derecho judicial ;
9 (RLIN) 60474
Volume number/sequential designation 6-2006
942 ## - ADDED ENTRY ELEMENTS (KOHA)
Item type Monografías
Dati di copia
Withdrawn status Lost status Damaged status Not for loan Home library Current library Date acquired Total Checkouts Full call number Barcode Date last seen Price effective from Koha item type
        Iglesia Nacional Española en Roma Iglesia Nacional Española en Roma 11/06/2019   DER 58 57114 11/06/2019 11/06/2019 Monografías